|
|
|
|
| LEADER |
00788nta a2200193 i 4500 |
| 001 |
dipl94200 |
| 005 |
20201113144238.0 |
| 008 |
201113s2018 hu om 0|| zxx d |
| 040 |
|
|
|a SZTE Diploma Repozitórium
|b hun
|
| 041 |
|
|
|a zxx
|
| 100 |
1 |
|
|a Ulbrecht Alíz
|
| 245 |
1 |
0 |
|a Cerebrál paretikus gyermek törzsizom-fejlesztése AFO alkalmazásával
|h [elektronikus dokumentum] /
|c Alíz Ulbrecht
|
| 246 |
1 |
0 |
|a Strengthening of the skeletal (trunk) muscles using AFO at a child with cerebral palsy
|h [elektronikus dokumentum]
|
| 260 |
|
|
|c 2018
|
| 650 |
|
4 |
|a Orvos- és egészségtudományok
|
| 650 |
|
4 |
|a Medical and health sciences
|
| 650 |
|
4 |
|a Health sciences
|
| 700 |
2 |
|
|a Hallósyné Halász Erika
|e ths
|
| 856 |
4 |
0 |
|u http://diploma.bibl.u-szeged.hu/id/eprint/94200/1/2018_2352.pdf
|z Dokumentum-elérés
|